|
|
|
|
| LEADER |
00943nta a2200229 i 4500 |
| 001 |
dokt4448 |
| 005 |
20220331124239.0 |
| 008 |
220331s1997 hu om 0|| hun d |
| 040 |
|
|
|a SZTE Doktori Repozitórium
|b hun
|
| 041 |
|
|
|a hun
|
| 100 |
1 |
|
|a Osváth Szabolcs
|
| 245 |
1 |
0 |
|a Töltésszétválasztás és fotociklus fotoszintetikus reakciócentrumokban
|h [elektronikus dokumentum] /
|c Osváth Szabolcs
|
| 260 |
|
|
|c 1997
|
| 502 |
|
|
|a Disszertacio
|
| 650 |
|
4 |
|a fizikai tudományok
|
| 650 |
|
4 |
|a Természettudományok
|
| 650 |
|
4 |
|a Fizikai tudományok
|
| 695 |
|
|
|a Fizika
|
| 700 |
1 |
|
|a Maróti Péter
|e ths
|
| 856 |
4 |
0 |
|u https://doktori.bibl.u-szeged.hu/id/eprint/4448/1/1997_osvath_szabolcs.pdf
|z Dokumentum-elérés
|
| 856 |
4 |
0 |
|u https://doktori.bibl.u-szeged.hu/id/eprint/4448/2/1997_osvath_szabolcs_tezis.pdf
|z Dokumentum-elérés
|
| 856 |
4 |
0 |
|u https://doktori.bibl.u-szeged.hu/id/eprint/4448/3/1997_osvath_szabolcs_biralat.pdf
|z Dokumentum-elérés
|